Sports Quiz

Random Sports or Cricket Quiz
Score 0/183 Timer 20:00
0 Plays Today
% Correct
Stephen Fleming
96.8%
Stephen Fleming
96.8%
Stephen Fleming
96.8%
Stephen Fleming
96.8%
Stephen Fleming
96.8%
Stephen Fleming
96.8%
Stephen Fleming
96.8%
Stephen Fleming
96.8%
Stephen Fleming
96.8%
Stephen Fleming & James Franklin
96.1%
Jeff Crowe & Richard Hadlee
96.1%
Martin Guptill & Brendon McCullum
95.9%
Kane Williamson & Ross Taylor
95.7%
Brendon McCullum
95.5%
Brendon McCullum
95.5%
Brendon McCullum
95.5%
Brendon McCullum
95.5%
Brendon McCullum
95.5%
Brendon McCullum
95.5%
Daniel Vettori
94.6%
Daniel Vettori
94.6%
Daniel Vettori
94.6%
Daniel Vettori
94.6%
Daniel Vettori
94.6%
Daniel Vettori
94.6%
Daniel Vettori
94.6%
Daniel Vettori
94.6%
Andrew Jones & Martin Crowe
94.4%
Ross Taylor & Jesse Ryder
94.4%
Martin Crowe
94.2%
Martin Crowe
94.2%
Martin Crowe
94.2%
Martin Crowe
94.2%
Martin Crowe
94.2%
Martin Crowe
94.2%
Martin Crowe
94.2%
Martin Crowe
94.2%
Ross Taylor
94%
Jeff Crowe
93.9%
Ross Taylor
93.7%
Ross Taylor
93.7%
Ross Taylor
93.6%
Ross Taylor
93.6%
Bruce Taylor
93%
Bruce Taylor
93%
Bruce Taylor
93%
Bruce Taylor
93%
Bruce Taylor
93%
Bruce Taylor
93%
Richard Hadlee
92.9%
Richard Hadlee
92.9%
Richard Hadlee
92.9%
Richard Hadlee
92.9%
Richard Hadlee
92.9%
Richard Hadlee
92.9%
Richard Hadlee
92.9%
Richard Hadlee
92.9%
Richard Hadlee
92.9%
Richard Hadlee
92.9%
Richard Hadlee
92.9%
Richard Hadlee
92.9%
% Correct
Richard Hadlee
92.9%
Nathan Astle & Adam Parore
91.2%
Nathan Astle
89.5%
Nathan Astle
89.5%
Nathan Astle
89.5%
Nathan Astle
89.5%
Nathan Astle
89.5%
Daniel Vettori
89.3%
Matt Horne & Nathan Astle
89%
Daniel Vettori
88%
Chris Cairns
86.9%
Chris Cairns
86.9%
Chris Cairns
86.9%
Chris Cairns
86.9%
Chris Cairns
86.9%
Chris Cairns
86.9%
Chris Cairns
86.9%
Chris Cairns
86.9%
Chris Cairns
86.9%
Lance Cairns
86.7%
Lance Cairns
86.7%
Lance Cairns
86.7%
Adam Parore
81.4%
Adam Parore
81.4%
Ian Smith
78.6%
Ian Smith
78.6%
Shane Bond
78.3%
Shane Bond
78.3%
Shane Bond
78.3%
Tim Southee
76.4%
Tim Southee
76%
Chris Martin
74.8%
Chris Martin
74.8%
Chris Martin
74.8%
Chris Martin
74.8%
John Wright
72.4%
John Wright
72.4%
John Wright
72.4%
John Wright
72.4%
John Wright
72.4%
Andrew Jones
71.4%
Andrew Jones
71.4%
Andrew Jones
71.4%
Glenn Turner
70.4%
Glenn Turner
70.4%
Glenn Turner
70.4%
Glenn Turner
70.4%
Glenn Turner
70.4%
Glenn Turner
70.4%
Glen Turner
70.1%
Glenn Turner & Terry Jarvis
70.1%
Jesse Ryder
66.3%
Craig McMillan
66.1%
Craig McMillan
66.1%
Danny Morrison
64.2%
Danny Morrison
64.2%
Trent Boult
63.6%
John R Reid
60.5%
John R Reid
60.5%
John R Reid
60.5%
John R Reid
60.5%
% Correct
John R Reid
60.5%
John R Reid
60.5%
John F Reid
60.3%
Trent Boult
59.9%
Lou Vincent
53.7%
Mark Richardson
53.7%
James Franklin
53.6%
Jeremy Coney
53.4%
Jeremy Coney
53.4%
Ewen Chatfield
52.6%
Bert Sutcliffe
52.5%
Bert Sutcliffe
52.5%
Bert Sutcliffe
52.5%
Bert Sutcliffe
52.5%
Simon Doull
52.4%
Simon Doull
52.4%
Simon Doull
52.4%
Stewie Dempster & JE Mills
52.1%
Bryan Young
51.8%
Bryan Young
51.8%
John Bracewell
51.6%
John Bracewell
51.6%
Ken Rutherford
50.7%
Doug Bracewell
50.4%
Bev Congdon
50.3%
Bev Congdon
50.3%
Bev Congdon
50.3%
Bev Congdon
50.3%
Bev Congdon
50.3%
Bev Congdon
50.3%
Dion Nash
49.3%
Geoff Howarth
48.8%
Geoff Howarth
48.8%
Lee Germon
41.9%
Richard Collinge
38.2%
Richard Collinge
38.2%
Graham Dowling
36%
Graham Dowling
36%
Martin Donnelly
36%
Graham Dowling
36%
Chris Pringle
35.2%
Ken Wadsworth
32.6%
Jack Cowie
29%
Jack Cowie
29%
Jack Cowie
29%
Jack Cowie
29%
SL Boock
28.2%
SL Boock
28.2%
Warren Lees
27.8%
RG Hart
25%
Dick Motz
20.5%
Dick Motz
20.5%
Iain O'Brien
18.3%
Artie Dick
15.4%
Jack Alabaster
12.8%
FJ Cameron
12.4%
FJ Cameron
12.4%
Tony MacGibbon
11.5%
Tony MacGibbon
11.5%
Frank Mooney
10.1%
Eric Petrie
7.3%
Remove Ads.
Support Sporcle.
Get the best of Sporcle when you Go Orange. This ad-free experience offers more features, more stats, and more fun while also helping to support Sporcle. Thank you for becoming a member.

You're not logged in!

Compare scores with friends on all Sporcle quizzes.
OR
Log In

Show Comments

Extras

Top Quizzes Today


Score Distribution

Your Account Isn't Verified!

In order to create a playlist on Sporcle, you need to verify the email address you used during registration. Go to your Sporcle Settings to finish the process.

Report this User

Report this user for behavior that violates our Community Guidelines.

Details: